A Szegedi Paprika Zrt. termékei forgalmának elemzése 2011 és 2020 között, különös tekintettel a COVID-19 járvány első hullámának időszakára

Elmentve itt :
Bibliográfiai részletek
Szerző: Vas Evelin
További közreműködők: Kis Krisztián (Témavezető)
Dokumentumtípus: Szakdolgozat
Megjelent: 2022
Tárgyszavak:
Online Access:http://diploma.bibl.u-szeged.hu/135413
LEADER 00928nta a2200193 i 4500
001 dipl135413
005 20230804103444.0
008 230804s2022 hu om 0|| hun d
040 |a SZTE Diploma Repozitórium  |b hun 
041 |a hun 
100 1 |a Vas Evelin 
245 1 2 |a A Szegedi Paprika Zrt. termékei forgalmának elemzése 2011 és 2020 között, különös tekintettel a COVID-19 járvány első hullámának időszakára  |h [elektronikus dokumentum] /  |c Evelin Vas 
246 1 0 |a Analysis of the trading of products made by Szegedi Paprika Zrt. from 2011 to 2020, particularly focusing on the first wave of the COVID-19 period  |h [elektronikus dokumentum] 
260 |c 2022 
650 4 |a Mérnöki tudományok 
650 4 |a Engineering and technology 
650 4 |a Other engineering and technologies 
700 1 |a Kis Krisztián  |e ths 
856 4 0 |u https://diploma.bibl.u-szeged.hu/id/eprint/135413/1/2022_vas_evelin.pdf  |z Dokumentum-elérés